00463nam a22001337a 4500003000400000008004100004020001800045082001700063245006400080260005600144300001600200650009000216700002300306OSt260629b |||||||| |||| 00| 0 eng d a9789353870201 a631.41bK96S aSoil Testing and Analysis / by S.R. Vinod Kumar...[ et al.] aDelhi : bSatish Serial Publishing House, c2021. avii, 338 p. aAgriculture and related technologies | Technology (Applied sciences) | Soil Chemistry aKumar, S.R. Vinod